Responses for Show #8629 - Thursday, April 28, 2022

Mattea Roach game 18.

Contestants

[<< previous game]

Manav Jain, an undergraduate student from Clemson, South Carolina

Renée Russell, a branch office administrator from Baltimore, Maryland

Mattea Roach, a tutor from Toronto, Ontario, Canada (whose 17-day cash winnings total $396,182)

[next game >>]

Jeopardy! Round responses

OLD YORK
MOVIES"!"
(Ken: Each of whose titles contain an exclamation point.)
POETS & POETRY
IRON
LANDMARKS
RHYMES WITH THESE
    $200 6
the Vikings

Renée
    $200 7
Mamma Mia!

Mattea
    $200 22
9/11

Mattea
    $200 28
pig iron

Mattea
    $200 1
the Victoria Falls

Mattea
    $200 17
trapeze

Mattea
    $400 8
William the Conqueror

Mattea
    $400 14
Airplane!

Mattea
    $400 23
a candle

Mattea
    $400 26
a meteorite

Renée
    $400 2
Hadrian's Wall

Mattea
    $400 18
wheeze

Mattea
    $600 9
Ninth Legion

Triple Stumper
    $600 15
Three Amigos!

Manav
    $600 24
Langston Hughes

Manav
    $2,000 27
the Eiffel Tower

Renée
    $600 3
Dubai

Mattea
    $600 19
sleaze

Mattea
    $800 10
Constantine

Mattea
    $800 12
That Thing You Do!

Manav
    $800 29
John Donne

Renée
    $800 16
Fe

Mattea
    $800 4
(Ken: Looming over Rio is [*].)

Sugarloaf

Triple Stumper
    $800 20
pleas

Renée
    $1000 11
the Reformation

Manav
    $1000 13
Oliver!

Mattea
    $1000 30
drowning

Mattea
    $1000 25
(Ken: You got it and you said it right; they'll love you in Delaware.)

the Schuylkill

Renée
    $1000 5
[NOTE: This was the 435,000th clue entered into the J! Archive, on 2022-04-28.]

Giant's Causeway

Mattea
    $1000 21
a frieze

Mattea

Scores at the first commercial break (after clue 15):

Mattea Renée Manav
$5,000 $200 $2,400

Scores at the end of the Jeopardy! Round:

Mattea Renée Manav
$9,800 $5,200 $3,000

Double Jeopardy! Round responses

PHILOSOPHY
CELEBRITY SIBLING SURNAMES
DOUBLE DOUBLE-LETTER WORDS
NORTH AMERICA
CATCHING YOU SHORT
BALLET & OPERA
    $400 2
Aristotle

Mattea
    $400 22
Spears

Renée
    $400 15
a Frappuccino

Mattea
    $400 7
Tijuana

Renée
    $400 8
(Mattea: What is memory?)
...
(Ken: [*], yes, remember the category.)

short-term memory

MatteaRenée
    $5,000 26
Romeo & Juliet

Renée
    $800 3
(Mattea: What are souls?)
(Manav: What are cells?)

angels

MatteaManav
Triple Stumper
    $800 23
Mara

Mattea
    $800 18
Toothless

Renée
    $800 11
Puerto Rico

Mattea
    $800 9
GameStop

Renée
    $800 27
(Ken: Yes, action-packed, [*].)
[Laughter]

Swan Lake

Mattea
    $1200 4
the mind

Mattea
    $1200 24
(Ken: You're looking at Zooey and Emily [*].)

Deschanel

Triple Stumper
    $1200 19
(Ken: Yes, three pairs of double double-letters there.)

bookkeeping

Renée
    $1200 12
the Stanley Cup

Renée
    $1200 10
the Jazz Age

Mattea
    $1200 28
Pagliacci

Mattea
    $2,000 5
aesthetics

Mattea
    $1600 1
Allen

Mattea
    $1600 20
a lessee

Renée
    $1600 16
(Manav: Who are the Zapotec?)

the Toltec

MatteaManav
    $1600 13
short take off & landing

Triple Stumper
    $1600 29
Rigoletto

Triple Stumper
    $2000 6
Wittgenstein

Mattea
    $2000 25
Harbaugh

Renée
    $2000 21
fricassée

Renée
    $2000 17
a luna moth

Triple Stumper
    $2000 14
Pepin the Short

Triple Stumper
    $2000 30
Giselle

Triple Stumper

Scores at the end of the Double Jeopardy! Round:

Mattea Renée Manav
$22,600 $21,000 $600

[wagering suggestions for these scores]

Final Jeopardy! Round responses

BOOKS OF THE 1970s
(Ken: [To Mattea] By Toni Morrison, that's correct. Solomon Dead is the ancestor of Milkman Dead in that novel.)
ManavWhat is???
$100
RenéeWhat is Roots?
$19,799
MatteaWhat is Song of Solomon?
$19,401
Song of Solomon

Final scores:

Mattea Renée Manav
$42,001 $1,201 $500
18-day champion: $438,183 2nd place: $2,000 3rd place: $1,000

Game dynamics:

Coryat scores:

Mattea Renée Manav
$22,200 $15,000 $600
30 R
(including 1 DD),
2 W
17 R
(including 2 DDs),
0 W
4 R,
2 W

Combined Coryat: $37,800

[game clues] [game scores] [suggest correction]

Game tape date: 2022-02-14
The J! Archive is created by fans, for fans. Scraping, republication, monetization, and malicious use prohibited; this site may use cookies and collect identifying information. See terms. The Jeopardy! game show and all elements thereof, including but not limited to copyright and trademark thereto, are the property of Jeopardy Productions, Inc. and are protected under law. This website is not affiliated with, sponsored by, or operated by Jeopardy Productions, Inc. Join the discussion at JBoard.tv.